| 000 | 00382nmm a2200145 a 4500 | ||
|---|---|---|---|
| 003 | AR-BaBNM | ||
| 005 | 20251128203139.0 | ||
| 008 | 063119s1927 ||||||||||||||000 | spa|| | ||
| 040 | _cAR-BaBNM | ||
| 100 | 1 |
_aGonzález Acha de Corrales Morales, Elina _d1862-1942 |
|
| 245 | 1 | 0 |
_aIsondu _blecturas variadas |
| 260 |
_aBuenos Aires _bCabaut _c1927 |
||
| 942 | _cBK | ||
| 998 | _cArchipretre | ||
| 999 |
_c2128 _d2128 |
||